00462nam a2200133 a 450000500170000000800410001705000230005824500290008126000580011030000110016865000160017999900190019595201140021420140513081050.0020906s19uu xx 00 eng d aP 553.7bAn96 2000 aIba't ibang anyong lupa. aPhilippines :bMbuhay Educational Center, Inc,c2000. aPoster aAnyong lupa c116262d116262 001040aELbELcKITd2004-10-28eLib. Fundl0oP 553.7 An96 2000pE230r2014-05-13 00:00:00w2014-05-13yKIT